| 000 | 00356 a2200157 4500 | ||
|---|---|---|---|
| 001 | 150958 | ||
| 040 | _cEscola São Tomás de Aquino | ||
| 100 | _aBANDEIRA, Pedro | ||
| 240 | 1 | 0 |
_aA droga da obediência _lpor |
| 245 | 1 | 0 | _aA droga da obediência |
| 300 | _a140 | ||
| 362 | 0 | _a1992 | |
| 440 | 1 | _aModerna | |
| 697 | _a*LITERATURA JUVENIL | ||
| 942 | _cBK | ||
| 999 |
_c150958 _d150958 |
||